000 00696nam a2200241Ia 4500
001 18305
003 GE_BSU
008 181216s||||||||xx |||||||||||||| ||und||
020 _a9789941114267
040 _cGE_BSU
080 _a821.111(417)-31
100 _aბენვილი,ჯონ
245 _aზღვა
245 _bრომანი
245 _cრედ.ი.ტაველიძე.,მთარგმნ. ზ. ჭილაძე., გ. ჭუმბურიძე
260 _aთბილისი
260 _bდიოგენე
260 _c2013
300 _a225გვ.20სმ.
653 _aზღვა
653 _aრომანი
942 _cBK
999 _c51336
_d51336